The burning of the rice : (Record no. 14896)
[ view plain ]
| 000 -LEADER | |
|---|---|
| fixed length control field | 00493cam a2200193Ia 4500 |
| 020 ## - INTERNATIONAL STANDARD BOOK NUMBER | |
| ISBN | 1877059730 |
| 020 ## - INTERNATIONAL STANDARD BOOK NUMBER | |
| ISBN | 9781877059735 |
| 040 ## - CATALOGING SOURCE | |
| Transcribing agency | DJB |
| 082 ## - DEWEY DECIMAL CLASSIFICATION NUMBER | |
| Classification number | 633 PUC 2004 A053 Or. |
| 100 1# - MAIN ENTRY--AUTHOR NAME | |
| Personal name | Puckridge, Don |
| 245 14 - TITLE STATEMENT | |
| Title | The burning of the rice : |
| Remainder of title | a Cambodian success story / |
| 300 ## - PHYSICAL DESCRIPTION | |
| Number of Pages | vii, 326 pages : |
| Other physical details | illustrations ; |
| Dimensions | 21 cm |
| 650 #0 - SUBJECT ADDED ENTRY--TOPICAL TERM | |
| Topical Term | Rice |
| 650 #0 - SUBJECT ADDED ENTRY--TOPICAL TERM | |
| Topical Term | Rice |
| 650 #0 - SUBJECT ADDED ENTRY--TOPICAL TERM | |
| Topical Term | Humanitarian assistance |
| 650 #0 - SUBJECT ADDED ENTRY--TOPICAL TERM | |
| Topical Term | Famines |
| 650 #0 - SUBJECT ADDED ENTRY--TOPICAL TERM | |
| Topical Term | Postwar reconstruction |
| 942 ## - ADDED ENTRY ELEMENTS (KOHA) | |
| Koha item type | សៀវភៅភាសាអង់គ្លេស |
| 952 ## - LOCATION AND ITEM INFORMATION (KOHA) | |
| Withdrawn status [LOCAL, KOHA] | 0 |
| Permanent Location | Date acquired | Koha item type | Lost status | Shelving location | Barcode | Current Location | Full call number |
|---|---|---|---|---|---|---|---|
| Library Block A | 2017-10-31 | សៀវភៅភាសាអង់គ្លេស | A053 | A20652 | Library Block A | 633 PUC 2004 A053 Or. |